La camelia y la mariposa (Record no. 154861)

MARC details
000 -LEADER
campo de control de longitud fija 00844nam a2200205 i 4500
001 - NÚMERO DE CONTROL
campo de control 154861
003 - IDENTIFICADOR DE NÚMERO DE CONTROL
campo de control ES-MaACL
005 - FECHA Y HORA DE LA ÚLTIMA TRANSACCIÓN
campo de control 20230906205900.0
008 - DATOS DE LONGITUD FIJA--INFORMACIÓN GENERAL
campo de control de longitud fija 040712s1872 sp |||| | spa d
040 ## - FUENTE DE CATALOGACIÓN
Centro catalogador/agencia de origen CAM
Lengua de catalogación spa
Centro/agencia transcriptor CAM
100 1# - ENTRADA PRINCIPAL--NOMBRE DE PERSONA
Nombre de persona Guerrero, Teodoro.
9 (RLIN) 148902
245 13 - MENCIÓN DEL TÍTULO
Título La camelia y la mariposa
Resto del título : cuento de salon /
Mención de responsabilidad, etc. Teodoro Guerrero.
250 ## - MENCION DE EDICION
Mención de edición 5ª ed.
260 ## - PUBLICACIÓN, DISTRIBUCIÓN, ETC.
Lugar de publicación, distribución, etc. Madrid :
Nombre del editor, distribuidor, etc. [s.n.],
Fecha de publicación, distribución, etc. 1872 (
Fabricante Imprenta, fundición y estereotipia de Juan Aguado)
300 ## - DESCRIPCIÓN FÍSICA
Extensión 285 p. ;
Dimensiones 18 cm.
505 8# - NOTA DE CONTENIDO CON FORMATO
Nota de contenido con formato Las pag. 85-285 corresponden a la obra "Una historia de lágrimas : cuento de salón", 4ª ed.
594 ## - Nota al título y mención de responsabilidad
Nota al título y mención de responsabilidad Tit. de la antep.: Cuentos de salón.
700 12 - ENTRADA AGREGADA--NOMBRE PERSONAL
Nombre de persona Guerrero, Teodoro.
9 (RLIN) 148902
852 ## - LOCALIZACIÓN
Ubicación ES-MaACL
Número de control de estantería G-10727
Nota libre -- Enc. hol.
-- -- Ex-libris ms. de Gustavo Saenz Diez
-- -- Podría ser la obra incompleta de CCPB000243313-3
Holdings
Estatus retirado Estado de pérdida Estado de daño No para préstamo Colección Biblioteca de origen Biblioteca actual Ubicación en estantería Fecha de adquisición Fuente de adquisición Total de préstamos Signatura topográfica completa Código de barras Visto por última vez Precio de reemplazo Tipo de ítem Koha
        Libros del s. XIX Biblioteca del Ateneo de Madrid Biblioteca del Ateneo de Madrid Sala Pecera Planta 3 17/01/2008     G-10727 1161985 23/02/2023 23/02/2023 Libro impreso antiguo